| 000 | 00916nam a2200217 i 4500 | ||
|---|---|---|---|
| 001 | 181808 | ||
| 003 | ES-MaACL | ||
| 005 | 20230906221447.0 | ||
| 008 | 130327s1930 sp | |||| ||spa d | ||
| 080 | _a904(460.237 T.):7.032.7 | ||
| 100 | 1 |
_aSerra i Vilaró, J. _9105638 |
|
| 245 | 1 | 0 |
_aExcavaciones en la necrópolis romano-cristiana de Tarragona _b: memoria / _cpor Juan Serra Vilaró. |
| 260 |
_aMadrid : _b[s.n.], _c1930 ( _fTipografía de Archivos) |
||
| 300 |
_a23 p., XI h. de lám., 1 plan. pleg. : _bil. ; _c24 cm. |
||
| 490 | 1 |
_aJunta Superior de Excavaciones y Antigüedades ; _vn. 111 = n. 7, 1929 |
|
| 651 | 4 |
_aTarragona- _xRestos arqueológicos romanos. _9138363 |
|
| 710 | 2 |
_aEspaña. _bJunta Superior de Excavaciones y Antigüedades. _9152463 |
|
| 830 | 0 |
_aJunta Superior de Excavaciones y Antigüedades ; _vn. 111 = n. 7, 1929 _9191570 |
|
| 852 |
_aES-MaACL _jE-3378(7) |
||
| 999 |
_c181808 _d181808 |
||